| 000 | 00960cam a2200241 i 4500 | ||
|---|---|---|---|
| 005 | 20251108164156.0 | ||
| 008 | 250721s2000 sy a gr 000 0 ara d | ||
| 041 | 1 |
_aara _heng |
|
| 082 | 1 | 4 |
_a004 _bد ا ر |
| 240 | 1 | 0 | _aReference in computing essentials. |
| 245 | 1 | 0 |
_aمرجع أساسيات الحوسبة / _cترجمة و اعداد دار الرضا للنشر ؛ اشراف م قاسم موسى شعبان ؛ شادي سيدا. |
| 246 | 1 | 0 | _aاساسيات الحاسوب. |
| 250 | _aالطبعة الأولى. | ||
| 264 | 1 |
_aدمشق : _bدار الرضا للنشر، _c2000. |
|
| 300 | _aجزء 1. | ||
| 490 | 0 |
_aسلسلة الرضا للمعلومات ؛ _v48 |
|
| 505 | 0 | _aالمحتويات : الجزء الثاني : اساسيات الحاسوب. | |
| 650 | 1 | 7 | _aالحواسيب. |
| 650 | 1 | 7 | _aعلم الحاسوب. |
| 710 | 2 |
_aدار الرضا للنش ؛ _bمترجم. |
|
| 942 |
_2ddc _cBK |
||
| 999 |
_c5545 _d5545 |
||